Statistics for Premier league teams 2023/2024

Click here to take the quiz!

General Stats

  • This quiz has been taken 79 times
  • The average score is 17 of 20

Answer Stats

Answer% Correct
Manchester City
98%
Manchester United
97%
Arsenal
95%
Chelsea
94%
Liverpool
94%
Tottenham
92%
Brighton
90%
Aston Villa
87%
Westham
87%
Newcastle
85%
Everton
84%
Bournemouth
82%
Luton Town
82%
Burnley
81%
Wolves
81%
Brentford
79%
Nottingham Forest
79%
Crystal Palace
77%
Fulham
76%
Sheffield United
76%

Score Distribution

Percentile by Number Answered

Percent of People with Each Score

Your Score History

You have not taken this quiz